000 00339nam a22001457a 4500
008 210607b ||||| |||| 00| 0 eng d
020 _a9780133792423
041 _aeng
080 _22nd
_a316
082 _a316
100 _a50
101 _aSOC
245 _aHuman Development a Cultural Approach
_cJeffrey J. Arnett
942 _2udc
_cBK
999 _c58037
_d58037